000 00511nam a2200169Ia 4500
008 090201s9999 xx 000 0 und d
010 _aKPL-30616
040 _bमराठी
041 _aमराठी
082 _a28698
_b30616
100 _aशिरीष कणेकर
245 _aशिरीषासन
_cशिरीष कणेकर
260 _c2004
_bरवीराज प्रकाशन
300 _a68
_bमोठा
600 _aशिरीषासन
942 _cBOOK
999 _c227364
_d227364